| 000 | 00372nam a22001457a 4500 | ||
|---|---|---|---|
| 999 |
_c8142 _d8142 |
||
| 003 | OSt | ||
| 005 | 20200805122756.0 | ||
| 008 | 200805b ||||| |||| 00| 0 eng d | ||
| 020 | _a9783035618075 | ||
| 082 |
_a720 _bLAM |
||
| 100 | _aLamunière, Inès; Stalder, Laurent | ||
| 245 | _aTeaching architecture : a dialogue | ||
| 260 |
_a2019 _bBirkauser _cBerlin |
||
| 942 | _2ddc | ||